[Event "Mestre Cipressina op-B 5th"]
[Site "Mestre"]
[Date "2016.11.27"]
[Round "5"]
[White "Matterlin, Matteo"]
[Black "Moretto, Gianfranco"]
[Result "0-1"]
[WhiteElo "1226"]
[BlackElo "1277"]
[PlyCount "134"]
[EventDate "2016.11.25"]
[EventType "swiss"]
[EventRounds "5"]
[EventCountry "ITA"]
[SourceTitle "EXT 2022"]
[Source "ChessBase"]
[SourceDate "2021.10.06"]
[SourceVersion "1"]
[SourceVersionDate "2021.10.06"]
[SourceQuality "1"]

1. e4 e5 2. Nf3 Nc6 3. Bc4 Bc5 4. Nc3 Nf6 5. d3 h6 6. Be3 Bb4 7. 0-0 0-0 8. Nd5 Nxd5 9. Bxd5 d6 10. a3 Ba5 11. Nd2 Ne7 12. Bb3 b5 13. f4 exf4 14. Bxf4 c5 15. Qf3 Be6 16. Qg3 Ng6 17. Be3 Bc7 18. Qf2 Bxb3 19. Nxb3 Ne5 20. Qg3 Ng6 21. Qf2 Qe7 22. a4 b4 23. Nd2 Rae8 24. Rfe1 Ne5 25. h3 Ba5 26. b3 Bb6 27. a5 Bc7 28. d4 cxd4 29. Bxd4 Bb8 30. Bxe5 dxe5 31. Qe2 Qc5+ 32. Qe3 Bd6 33. Qxc5 Bxc5+ 34. Kf1 Bd4 35. Rad1 Rc8 36. Nc4 Bc3 37. Re3 Rfd8 38. Rd5 Rxd5 39. exd5 f6 40. Ke2 Rc5 41. Rd3 Bd4 42. d6 Rd5 43. Kf3 Kf7 44. Ke4 Ke6 45. g4 g6 46. Kf3 f5 47. gxf5+ gxf5 48. Rd2 Bc5 49. Rxd5 Kxd5 50. d7 Be7 51. Ne3+ Ke6 52. Ke2 f4 53. Nc4 e4 54. Nd2 e3 55. Nf3 Kxd7 56. Kd3 Bd8 57. Nd4 Bxa5 58. Nf5 h5 59. Ng7 h4 60. Nf5 Bd8 61. Ke2 Bf6 62. Nh6 Ke6 63. Ng4 Bg5 64. Kf3 Kf5 65. Nh2 Bf6 66. Ng4 Bc3 67. Nh6+ Ke6 0-1

[Event "Mestre Cipressina op-B 4th"]
[Site "Mestre"]
[Date "2015.11.29"]
[Round "4"]
[White "Moretto, Gianfranco"]
[Black "Petrella, Andrea"]
[Result "1/2-1/2"]
[WhiteElo "1296"]
[BlackElo "1492"]
[PlyCount "64"]
[EventDate "2015.11.27"]
[EventType "swiss"]
[EventRounds "5"]
[EventCountry "ITA"]
[SourceTitle "EXT 2022"]
[Source "ChessBase"]
[SourceDate "2021.10.06"]
[SourceVersion "1"]
[SourceVersionDate "2021.10.06"]
[SourceQuality "1"]

1. e4 c5 2. Nf3 d6 3. d4 cxd4 4. Nxd4 Nf6 5. Nc3 a6 6. Be3 e6 7. Be2 Be7 8. f4 b5 9. b4 Bb7 10. Bf3 d5 11. a3 dxe4 12. Be2 0-0 13. Qd2 Nd5 14. Nxd5 exd5 15. 0-0 Nd7 16. c3 Nb6 17. Nf5 Nc4 18. Bxc4 bxc4 19. Nxe7+ Qxe7 20. Bc5 Qc7 21. Bxf8 Rxf8 22. Qd4 Re8 23. Rae1 f5 24. Re3 Qe7 25. Rff3 g5 26. fxg5 Qd7 27. Rf1 Qc8 28. h4 Rf8 29. Rf4 Qc7 30. g3 Qe7 31. a4 Qd7 32. a5 Qc6 1/2-1/2

[Event "Mestre Cipressina op-B 4th"]
[Site "Mestre"]
[Date "2015.11.28"]
[Round "3"]
[White "Moretto, Pietro"]
[Black "Moretto, Gianfranco"]
[Result "1-0"]
[WhiteElo "1613"]
[BlackElo "1296"]
[PlyCount "21"]
[EventDate "2015.11.27"]
[EventType "swiss"]
[EventRounds "5"]
[EventCountry "ITA"]
[SourceTitle "EXT 2022"]
[Source "ChessBase"]
[SourceDate "2021.10.06"]
[SourceVersion "1"]
[SourceVersionDate "2021.10.06"]
[SourceQuality "1"]

1. e4 e5 2. Nf3 Nc6 3. d4 exd4 4. Bc4 Bb4+ 5. c3 dxc3 6. bxc3 Bd6 7. 0-0 f6 8. Qd5 Qe7 9. Nd4 Ne5 10. Nf5 Qe6 11. Nxg7+ 1-0